|
|
|
|
| LEADER |
01319nab#a2200325#ar4500 |
| 001 |
000073530 |
| 003 |
SVKKK |
| 005 |
19970929xxxxxxx. |
| 008 |
06 c xo huno |
| FMT |
|
|
|
| 038 |
|
|
|a SVKKK
|
| 040 |
|
|
|a SVKKK
|b slo
|e AACR2
|
| 041 |
0 |
|
|a hun
|
| 044 |
|
|
|a xo
|c SK
|
| 080 |
|
|
|a 353:37.05/.08
|
| 100 |
1 |
|
|a Dudás, [Július]
|4 aut
|
| 242 |
1 |
0 |
|a O štátnych dotáciách
|
| 245 |
1 |
0 |
|a Az állam segélyekröl
|c [Július] Dudás
|
| 500 |
|
|
|a [Gyula]
|
| 500 |
|
|
|a mikrofilm
|
| 520 |
2 |
|
|a Text obežníka Humenskej expozitúry župného školského inšpektorátu (Homonnai tanfelügyelőu kirendeltség), ktorý okrem iného uvádza aj to, že konfesijná ľudová škola, ktorá nezabezpečí 6 tried dochádzky nemá nárok ani požiadať o podporu zo strany štátu. Učitelia musia predkladať všetky osvedčenia aj o predchádzajúcich zamestnaniach.
|
| 650 |
0 |
4 |
|a Humenská expozitúra župného školského inšpektorátu - dotácie štátne - vysvetlivky - obežník - Humenné - november 1907 - texty
|
| 773 |
0 |
|
|t Homonna és Vidéke : Vegyes tartalmu közmüvelődési, szépirodalmi és közgazdasági hetilap
|g Roč. 7, č. 47 (21.11.1907) s. 2
|
| 957 |
|
|
|a Humenné
|
| 958 |
|
|
|a DG
|
| 958 |
|
|
|a SK
|
| 974 |
|
|
|a Ba
|d 19970929
|
| 992 |
|
|
|a RBX
|
| BAS |
|
|
|
| 998 |
|
|
|a RETRO
|